10 häufigste Adjektive (in Romanen) - Statistiken

Allgemein
  • Dieses Quiz wurde 24 mal gespielt
  • Das Durchschnittsergebnis liegt bei 3 aus 10
Antwortstatistiken
Rang Wort % Korrekt
5. gut
81%
3. gross
57%
2. klein
57%
9. lang
38%
6. alt
29%
10. neu
14%
1. ander…
0%
4. erst...
0%
7. ganz
0%
8. letzt...
0%
Keine übereinstimmenden Quizze gefunden
Verteilung der Resultate
Anzahl Personen mit jedem Resultat
Perzentil nach korrekt beantworteten Fragen
Ihre Resultats-Entwicklung
Sie haben dieses Quiz noch nicht gespielt